LIBRARY & INFORMATION CENTRE, KCAET, TAVANUR

ONLINE PUBLIC ACCESS CATALOGUE (OPAC)

Applied hydrology / (Record no. 13162)

MARC details
000 -LEADER
fixed length control field 00418cam a2200145ua 4500
020 ## - INTERNATIONAL STANDARD BOOK NUMBER
ISBN 9780070702424
082 ## - DEWEY DECIMAL CLASSIFICATION NUMBER
Classification number 551.48
Item number CHO/AP
100 ## - MAIN ENTRY--AUTHOR NAME
Personal name Chow, Ven Te .
245 ## - TITLE STATEMENT
Title Applied hydrology /
260 ## - PUBLICATION, DISTRIBUTION, ETC. (IMPRINT)
Place of publication New York :
-- New Delhi :
Name of publisher McGraw Hill Book Company ,
-- Tata McGraw Hill Education Pvt. Ltd
Year of publication 1988.
-- 2010
300 ## - PHYSICAL DESCRIPTION
Number of Pages 572 ; .
700 1# - ADDED ENTRY--PERSONAL NAME
Personal name Maidment, David R .
700 1# - ADDED ENTRY--PERSONAL NAME
Personal name Mays, Larry W .
942 ## - ADDED ENTRY ELEMENTS (KOHA)
Koha item type Books
Holdings
Withdrawn status Lost status Damaged status Home library Current library Date acquired Full call number Accession Number Koha item type Collection code Shelving location Source of acquisition Cost, normal purchase price
      KAUAET KAUAET 07/04/2012 551.48 CHO/AP 21518 Books        
      KAUAET KAUAET 07/04/2012 551.48 CHO/AP 21517 Books        
      KAUAET KAUAET 07/04/2012 551.48 CHO/AP 17673 Books        
      KAUAET KAUAET 07/04/2012 551.48 CHO/AP 22192 Books        
      KAUAET KAUAET 07/04/2012 551.48 CHO/AP 22267 Books        
      KAUAET KAUAET 07/04/2012 551.48 CHO/AP 22266 Books        
      KAUAET KAUAET 07/04/2012 551.48 CHO/AP 22265 Books        
      KAUAET KAUAET 31/03/2012 551.48 CHO/AP 23489 Books Non-fiction General Stacks International Books and periodical supply service, New Delhi 499.00
free website counter